[Event "XIX. DBMM Schach"]
[Site "Billerbeck"]
[Date "2019.09.05"]
[Round "1.4"]
[White "Kaliski, Achim"]
[Black "Klowski, Bjoern Sigurd"]
[Result "0-1"]
[WhiteElo "1969"]
[BlackElo "1624"]
[Annotator "bsk"]
[PlyCount "116"]
[EventDate "2019.09.??"]
[EventType "team-swiss"]
[EventRounds "7"]
[EventCountry "GER"]
[SourceTitle "XIX. DBMM 2019"]
[Source "FV Schach e.V."]
[SourceDate "2019.09.09"]
[SourceVersion "4"]
[SourceVersionDate "2019.10.16"]
[SourceQuality "1"]
[WhiteTeam "Baubehoerde Hamburg"]
[BlackTeam "Commerzbank Frankfurt"]
[WhiteTeamCountry "GER"]
[BlackTeamCountry "GER"]

1. e4 e6 2. d4 d5 3. exd5 exd5 4. Bd3 Nc6 5. c3 Bd6 6. Ne2 Nge7 7. Bf4 O-O 8.
Bg5 Be6 9. Qc2 h6 10. Bh4 Qd7 11. Bg3 Bf5 12. Bxd6 Bxd3 13. Qxd3 Qxd6 14. Na3
a6 15. O-O Rae8 16. Rfe1 Nc8 17. Nc2 N6e7 18. Ng3 Qf6 19. Re2 Nd6 20. Rae1 Ng6
21. Rxe8 Rxe8 22. Rxe8+ Nxe8 23. Ne3 Nf4 24. Qd2 Nd6 25. Kf1 g6 26. Qc2 h5 27.
Qd1 h4 28. Ne2 Ne4 29. f3 Nxe2 30. Kxe2 Ng5 31. Nxd5 Qd6 32. Ne3 Qxh2 33. Kf2
Qg3+ 34. Ke2 h3 35. Qh1 hxg2 36. Qxg2 Qxg2+ 37. Nxg2 Kg7 38. Ne3 c6 39. Nc4 Ne6
40. Ke3 f5 41. Nd6 Nd8 42. Kf4 Kf6 43. Nc4 g5+ 44. Ke3 Ke6 45. Kd3 Kd5 46. Ne5
c5 47. Nd7 cxd4 48. cxd4 Ne6 49. Nf6+ Kd6 50. a4 Nf4+ 51. Kc4 Ke6 52. Nh7 g4
53. fxg4 fxg4 54. Nf8+ Ke7 55. Nh7 Nh3 56. d5 g3 57. Kc5 g2 58. d6+ Kd8 0-1

[Event "XIX. DBMM Schach"]
[Site "Billerbeck"]
[Date "2019.09.05"]
[Round "1.1"]
[White "Feikes, Joerg"]
[Black "Floeter, Volker"]
[Result "1/2-1/2"]
[WhiteElo "2063"]
[BlackElo "1655"]
[Annotator "br"]
[PlyCount "45"]
[EventDate "2019.09.??"]
[EventType "team-swiss"]
[EventRounds "7"]
[EventCountry "GER"]
[SourceTitle "XIX. DBMM 2019"]
[Source "FV Schach e.V."]
[SourceDate "2019.09.09"]
[SourceVersion "4"]
[SourceVersionDate "2019.10.16"]
[SourceQuality "1"]
[WhiteTeam "BA Tempelhof Berlin"]
[BlackTeam "abatec Billerbeck"]
[WhiteTeamCountry "GER"]
[BlackTeamCountry "GER"]

1. e4 Nc6 2. Nf3 f5 3. exf5 d5 4. d4 Bxf5 5. Bb5 Qd6 6. Ne5 Nf6 7. O-O Nd7 8.
Bf4 Ndxe5 9. Bxe5 Qg6 10. Bxc7 Rc8 11. Bg3 Bxc2 12. Qd2 a6 13. Be2 e6 14. Bh5
Qxh5 15. Qxc2 Be7 16. Nc3 b5 17. Qd2 O-O 18. Rfe1 Qg6 19. Rac1 Bb4 20. a3 Ba5
21. b4 Bb6 22. Be5 Nxe5 23. Rxe5 1/2-1/2

[Event "XIX. DBMM Schach"]
[Site "Billerbeck"]
[Date "2019.09.05"]
[Round "1.2"]
[White "Stalz, Manfred"]
[Black "Kettenburg, Stefan"]
[Result "0-1"]
[WhiteElo "1709"]
[BlackElo "2075"]
[Annotator "br"]
[PlyCount "62"]
[EventDate "2019.09.??"]
[EventType "team-swiss"]
[EventRounds "7"]
[EventCountry "GER"]
[SourceTitle "XIX. DBMM 2019"]
[Source "FV Schach e.V."]
[SourceDate "2019.09.09"]
[SourceVersion "4"]
[SourceVersionDate "2019.10.16"]
[SourceQuality "1"]
[WhiteTeam "abatec Billerbeck"]
[BlackTeam "BA Tempelhof Berlin"]
[WhiteTeamCountry "GER"]
[BlackTeamCountry "GER"]

1. d4 d5 2. Nf3 Nf6 3. e3 c5 4. c3 cxd4 5. exd4 Nc6 6. Bd3 Bg4 7. Nbd2 e6 8.
O-O Qc7 9. Qc2 Bd6 10. h3 Bh5 11. b4 Rc8 12. Qb3 O-O 13. Bb2 Rfd8 14. Rac1 Bf4
15. Rce1 Nd7 16. g4 Bg6 17. Bxg6 hxg6 18. Kg2 Nf6 19. Re2 Ne7 20. Rfe1 g5 21.
Ne5 Bxe5 22. dxe5 Nd7 23. Nf3 Ng6 24. Re3 Nf4+ 25. Kg3 f6 26. c4 dxc4 27. Qc2
Nd5 28. R3e2 Nxb4 29. Qg6 Nf8 30. Qh5 Nd3 31. Nxg5 fxg5 0-1

[Event "XIX. DBMM Schach"]
[Site "Billerbeck"]
[Date "2019.09.05"]
[Round "1.3"]
[White "Koerlin, Hans Juergen"]
[Black "Stegemann, Sven"]
[Result "0-1"]
[WhiteElo "1916"]
[BlackElo "1586"]
[Annotator "sst"]
[PlyCount "32"]
[EventDate "2019.09.??"]
[EventType "team-swiss"]
[EventRounds "7"]
[EventCountry "GER"]
[SourceTitle "XIX. DBMM 2019"]
[Source "FV Schach e.V."]
[SourceDate "2019.09.09"]
[SourceVersion "4"]
[SourceVersionDate "2019.10.16"]
[SourceQuality "1"]
[WhiteTeam "BA Tempelhof Berlin"]
[BlackTeam "abatec Billerbeck"]
[WhiteTeamCountry "GER"]
[BlackTeamCountry "GER"]

1. e4 e5 2. f4 exf4 3. Nf3 g5 4. Bc4 g4 5. Ne5 Qh4+ 6. Kf1 d5 7. Bxd5 Nf6 8.
Bxf7+ Ke7 9. d3 Nbd7 10. Nxd7 Bxd7 11. Bb3 Nh5 12. Nc3 Ng3+ 13. Kg1 Nxh1 14.
Nd5+ Kd8 15. Kxh1 g3 16. h3 Bxh3 0-1

[Event "XIX. DBMM Schach"]
[Site "Billerbeck"]
[Date "2019.09.05"]
[Round "1.4"]
[White "Bechtloff, Horst"]
[Black "Baranowsky, Peter"]
[Result "1-0"]
[WhiteElo "1545"]
[BlackElo "1804"]
[Annotator "br"]
[PlyCount "97"]
[EventDate "2019.09.??"]
[EventType "team-swiss"]
[EventRounds "7"]
[EventCountry "GER"]
[SourceTitle "XIX. DBMM 2019"]
[Source "FV Schach e.V."]
[SourceDate "2019.09.09"]
[SourceVersion "4"]
[SourceVersionDate "2019.10.16"]
[SourceQuality "1"]
[WhiteTeam "abatec Billerbeck"]
[BlackTeam "BA Tempelhof Berlin"]
[WhiteTeamCountry "GER"]
[BlackTeamCountry "GER"]

1. d4 Nf6 2. Nf3 g6 3. c4 Bg7 4. Nc3 O-O 5. Bg5 d6 6. e3 c6 7. Be2 Qa5 8. O-O
Bg4 9. Bh4 Nbd7 10. h3 Bxf3 11. Bxf3 Qb4 12. Qb3 a5 13. Rfd1 h6 14. e4 e5 15.
dxe5 dxe5 16. Na4 g5 17. Bg3 Rfe8 18. Qc2 b5 19. cxb5 cxb5 20. a3 Qxa4 21. b3
Qd4 22. Rxd4 exd4 23. e5 Rac8 24. Qf5 Nxe5 25. Bxe5 Rc5 26. Re1 b4 27. axb4
axb4 28. Kf1 d3 29. Qxd3 Rcxe5 30. Rxe5 Rxe5 31. Qd6 Ne4 32. Qxb4 f5 33. g4 Nf6
34. gxf5 Kh7 35. Qb7 Rxf5 36. Be4 Nxe4 37. Qxe4 Kg6 38. Kg2 Kf6 39. h4 Re5 40.
Qc6+ Re6 41. Qf3+ Ke7 42. h5 Bd4 43. Qd5 Bb6 44. b4 Rd6 45. Qe5+ Re6 46. Qg7+
Kd6 47. Qf8+ Ke5 48. Kg3 Bc7 49. Qc5+ 1-0

[Event "XIX. DBMM Schach"]
[Site "Billerbeck"]
[Date "2019.09.05"]
[Round "1.1"]
[White "Hartmann, Jens"]
[Black "Schulz, Michael"]
[Result "0-1"]
[WhiteElo "1799"]
[BlackElo "2213"]
[Annotator "br"]
[PlyCount "76"]
[EventDate "2019.09.??"]
[EventType "team-swiss"]
[EventRounds "7"]
[EventCountry "GER"]
[SourceTitle "XIX. DBMM 2019"]
[Source "FV Schach e.V."]
[SourceDate "2019.09.09"]
[SourceVersion "4"]
[SourceVersionDate "2019.10.16"]
[SourceQuality "1"]
[WhiteTeam "Baubehoerde Hamburg II"]
[BlackTeam "SV Osram Berlin"]
[WhiteTeamCountry "GER"]
[BlackTeamCountry "GER"]

1. e4 g6 2. d4 Bg7 3. Nf3 c6 4. Be2 d5 5. e5 Nh6 6. O-O O-O 7. c4 dxc4 8. Bxc4
Bg4 9. Be2 Nf5 10. Be3 e6 11. Nbd2 Nxe3 12. fxe3 Bh6 13. Qb3 Qb6 14. Kf2 Nd7
15. h3 Bxf3 16. gxf3 Qd8 17. Ne4 b6 18. Rg1 Qe7 19. Rgc1 c5 20. dxc5 Nxc5 21.
Nf6+ Kh8 22. Qa3 a5 23. Rc4 Bg7 24. Qc3 Rfd8 25. h4 Rac8 26. Rc1 Bxf6 27. exf6
Qd6 28. Kg2 e5 29. Qe1 Qxf6 30. a3 a4 31. R1c3 Rc6 32. f4 e4 33. Kg3 Rcd6 34.
Bg4 h5 35. Be2 Qf5 36. Rb4 Nd3 37. Bxd3 Qg4+ 38. Kh2 exd3 0-1

[Event "XIX. DBMM Schach"]
[Site "Billerbeck"]
[Date "2019.09.05"]
[Round "1.2"]
[White "Rath, Alina"]
[Black "Hoffeins, Hans Werner"]
[Result "1-0"]
[WhiteElo "2099"]
[BlackElo "1565"]
[Annotator "br"]
[PlyCount "56"]
[EventDate "2019.09.??"]
[EventType "team-swiss"]
[EventRounds "7"]
[EventCountry "GER"]
[SourceTitle "XIX. DBMM 2019"]
[Source "FV Schach e.V."]
[SourceDate "2019.09.09"]
[SourceVersion "4"]
[SourceVersionDate "2019.10.16"]
[SourceQuality "1"]
[WhiteTeam "SV Osram Berlin"]
[BlackTeam "Baubehoerde Hamburg II"]
[WhiteTeamCountry "GER"]
[BlackTeamCountry "GER"]

1. c4 Nf6 2. Nc3 g6 3. g3 Bg7 4. Bg2 d6 5. e4 Nbd7 6. Nge2 e5 7. O-O O-O 8. d3
c6 9. h3 a5 10. f4 exf4 11. Nxf4 Ne5 12. Be3 Ne8 13. Qd2 f5 14. b3 Nf6 15. Rad1
Nf7 16. Kh2 g5 17. Nfe2 fxe4 18. dxe4 h6 19. Nd4 Ne5 20. Nf5 Bxf5 21. Rxf5 Nf7
22. Ne2 Qc7 23. Rdf1 Ne5 24. Nd4 Rae8 25. Kh1 Nfd7 26. Rxf8+ Nxf8 27. Nf5 Re6
28. Rd1 Nf7 {Zeit.} 1-0

[Event "XIX. DBMM Schach"]
[Site "Billerbeck"]
[Date "2019.09.05"]
[Round "1.3"]
[White "Lindemann, Thomas"]
[Black "Gebert Vangeel, Ralf"]
[Result "0-1"]
[WhiteElo "1537"]
[BlackElo "1975"]
[Annotator "br"]
[PlyCount "40"]
[EventDate "2019.09.??"]
[EventType "team-swiss"]
[EventRounds "7"]
[EventCountry "GER"]
[SourceTitle "XIX. DBMM 2019"]
[Source "FV Schach e.V."]
[SourceDate "2019.09.09"]
[SourceVersion "4"]
[SourceVersionDate "2019.10.16"]
[SourceQuality "1"]
[WhiteTeam "Baubehoerde Hamburg II"]
[BlackTeam "SV Osram Berlin"]
[WhiteTeamCountry "GER"]
[BlackTeamCountry "GER"]

1. c4 e5 2. Nc3 Nf6 3. g3 Bc5 4. Bg2 O-O 5. e3 c6 6. Nge2 d5 7. d4 exd4 8. exd4
Bb4 9. O-O dxc4 10. Qa4 Bxc3 11. bxc3 b5 12. Qc2 a5 13. Bf4 Nd5 14. a3 Bg4 15.
f3 Bh5 16. Bd2 Bg6 17. Qd1 Na6 18. Rc1 Qe7 19. f4 Bd3 20. f5 Qxe2 0-1

[Event "XIX. DBMM Schach"]
[Site "Billerbeck"]
[Date "2019.09.05"]
[Round "1.4"]
[White "Mayer, Herbert"]
[Black "Hein, Andrea"]
[Result "1-0"]
[WhiteElo "1800"]
[BlackElo "1457"]
[Annotator "hm"]
[PlyCount "39"]
[EventDate "2019.09.??"]
[EventType "team-swiss"]
[EventRounds "7"]
[EventCountry "GER"]
[SourceTitle "XIX. DBMM 2019"]
[Source "FV Schach e.V."]
[SourceDate "2019.09.09"]
[SourceVersion "4"]
[SourceVersionDate "2019.10.16"]
[SourceQuality "1"]
[WhiteTeam "SV Osram Berlin"]
[BlackTeam "Baubehoerde Hamburg II"]
[WhiteTeamCountry "GER"]
[BlackTeamCountry "GER"]

1. f4 d5 2. b3 e6 3. e3 Nf6 4. Bb2 Be7 5. Nf3 Nc6 6. Bb5 Bd7 7. O-O O-O 8. d3
a6 9. Bxc6 Bxc6 10. Nbd2 h6 11. Qe1 Re8 12. Ne5 Bd7 13. Ndf3 Rc8 14. Qg3 Bc5
15. Rae1 Be7 16. Nxd7 Qxd7 17. Ne5 Qb5 18. a4 Qc5 19. Nd7 Qxc2 20. Nxf6+ 1-0

[Event "XIX. DBMM Schach"]
[Site "Billerbeck"]
[Date "2019.09.05"]
[Round "1.1"]
[White "Scheffner, Axel"]
[Black "Warnest, Stefan"]
[Result "1-0"]
[WhiteElo "2249"]
[BlackElo "1601"]
[Annotator "br"]
[PlyCount "79"]
[EventDate "2019.09.??"]
[EventType "team-swiss"]
[EventRounds "7"]
[EventCountry "GER"]
[SourceTitle "XIX. DBMM 2019"]
[Source "FV Schach e.V."]
[SourceDate "2019.09.09"]
[SourceVersion "4"]
[SourceVersionDate "2019.10.16"]
[SourceQuality "1"]
[WhiteTeam "Vodafone Duesseldorf"]
[BlackTeam "BA Tempelhof Berlin II"]
[WhiteTeamCountry "GER"]
[BlackTeamCountry "GER"]

1. d4 Nf6 2. c4 g6 3. Nc3 d5 4. cxd5 Nxd5 5. e4 Nxc3 6. bxc3 Bg7 7. Be3 O-O 8.
Qd2 c5 9. Rc1 cxd4 10. cxd4 Nc6 11. Nf3 Qa5 12. d5 Qxd2+ 13. Bxd2 Ne5 14. Bb4
Nxf3+ 15. gxf3 Bf6 16. h4 a6 17. f4 Re8 18. e5 Bg7 19. Rc7 Bf8 20. Bg2 a5 21.
Ba3 Ra6 22. O-O b5 23. Rfc1 Bf5 24. Bf1 Rb6 25. Bc5 Rbb8 26. Ba7 Ra8 27. Bxb5
Rec8 28. f3 Bh6 29. Be3 Bf8 30. a4 h5 31. Kf2 Rxc7 32. Rxc7 Bc8 33. Bc5 Ba6 34.
Bxa6 Rxa6 35. Kg3 Ra8 36. Bxe7 Bxe7 37. Rxe7 Kf8 38. d6 Ra6 39. Rb7 Ke8 40. f5
1-0

[Event "XIX. DBMM Schach"]
[Site "Billerbeck"]
[Date "2019.09.05"]
[Round "1.2"]
[White "Schneider, Eckehard"]
[Black "Hirschberg, Markus"]
[Result "0-1"]
[WhiteElo "1732"]
[BlackElo "1837"]
[Annotator "br"]
[PlyCount "94"]
[EventDate "2019.09.??"]
[EventType "team-swiss"]
[EventRounds "7"]
[EventCountry "GER"]
[SourceTitle "XIX. DBMM 2019"]
[Source "FV Schach e.V."]
[SourceDate "2019.09.09"]
[SourceVersion "4"]
[SourceVersionDate "2019.10.16"]
[SourceQuality "1"]
[WhiteTeam "BA Tempelhof Berlin II"]
[BlackTeam "Vodafone Duesseldorf"]
[WhiteTeamCountry "GER"]
[BlackTeamCountry "GER"]

1. e4 e6 2. d4 d5 3. e5 c5 4. c3 Nc6 5. Nf3 Qb6 6. a3 Nge7 7. b4 cxd4 8. cxd4
Nf5 9. Bb2 Bd7 10. g4 Nh6 11. h3 Rc8 12. Nc3 Be7 13. Na4 Qc7 14. Rc1 a6 15. Bd3
b5 16. Nc5 Bxc5 17. bxc5 Qa5+ 18. Kf1 Qd8 19. Kg2 Na5 20. Bc3 Nc4 21. Ra1 Bc6
22. Re1 Ng8 23. Bc2 Ne7 24. a4 Ng6 25. axb5 axb5 26. Bd2 Nh4+ 27. Nxh4 Qxh4 28.
Bf4 Qe7 29. Bg3 Kd7 30. f4 Ra8 31. Qe2 h6 32. f5 Rxa1 33. Rxa1 Ra8 34. Rxa8
Bxa8 35. h4 Qd8 36. fxe6+ fxe6 37. Be1 Bc6 38. Qf3 Kc7 39. Kh3 Qa8 40. Qf7+ Bd7
41. g5 Qa3+ 42. Bg3 hxg5 43. hxg5 Qc3 44. Bb1 Qc1 45. Qxg7 Qxb1 46. Qf6 Qh7+
47. Qh6 Qf5+ 0-1

[Event "XIX. DBMM Schach"]
[Site "Billerbeck"]
[Date "2019.09.05"]
[Round "1.3"]
[White "Hauck, Michael"]
[Black "Meseck, Michael"]
[Result "1/2-1/2"]
[WhiteElo "1723"]
[BlackElo "1593"]
[Annotator "br"]
[PlyCount "61"]
[EventDate "2019.09.??"]
[EventType "team-swiss"]
[EventRounds "7"]
[EventCountry "GER"]
[SourceTitle "XIX. DBMM 2019"]
[Source "FV Schach e.V."]
[SourceDate "2019.09.09"]
[SourceVersion "4"]
[SourceVersionDate "2019.10.16"]
[SourceQuality "1"]
[WhiteTeam "Vodafone Duesseldorf"]
[BlackTeam "BA Tempelhof Berlin II"]
[WhiteTeamCountry "GER"]
[BlackTeamCountry "GER"]

1. d4 d5 2. Nf3 e6 3. c4 Nf6 4. Nc3 Be7 5. Bg5 h6 6. Bh4 c6 7. e3 Nbd7 8. cxd5
cxd5 9. Bd3 a6 10. a4 O-O 11. Qe2 Re8 12. O-O Nf8 13. Ne5 N8d7 14. f4 Nxe5 15.
fxe5 Nh7 16. Qh5 Rf8 17. Bg3 Qe8 18. a5 f5 19. Qd1 Ng5 20. Bh4 Bd7 21. Ne2 Ne4
22. Bxe7 Qxe7 23. Nf4 Be8 24. Be2 Bf7 25. Bh5 Qg5 26. Bxf7+ Kxf7 27. Qb3 Qe7
28. Qb6 Rac8 29. Rac1 Rfe8 30. g4 g5 31. Nh5 1/2-1/2

[Event "XIX. DBMM Schach"]
[Site "Billerbeck"]
[Date "2019.09.05"]
[Round "1.4"]
[White "Mahler, Sonja"]
[Black "Gurevich, Slavik"]
[Result "0-1"]
[WhiteElo "1428"]
[BlackElo "1799"]
[Annotator "br"]
[PlyCount "72"]
[EventDate "2019.09.??"]
[EventType "team-swiss"]
[EventRounds "7"]
[EventCountry "GER"]
[SourceTitle "XIX. DBMM 2019"]
[Source "FV Schach e.V."]
[SourceDate "2019.09.09"]
[SourceVersion "4"]
[SourceVersionDate "2019.10.16"]
[SourceQuality "1"]
[WhiteTeam "BA Tempelhof Berlin II"]
[BlackTeam "Vodafone Duesseldorf"]
[WhiteTeamCountry "GER"]
[BlackTeamCountry "GER"]

1. d4 f5 2. Bf4 e6 3. e3 Nf6 4. Be2 b6 5. a3 Be7 6. Bh5+ g6 7. Be2 d5 8. Bh6
Bb7 9. Nh3 Qd7 10. Nf4 Nc6 11. Nd3 O-O-O 12. c3 Rhg8 13. h4 Ne4 14. a4 g5 15.
Bh5 Bf6 16. b4 gxh4 17. Kf1 Qe7 18. a5 Bg5 19. axb6 cxb6 20. b5 Na5 21. Rxa5
bxa5 22. Ne5 Bxh6 23. Nc6 Bxc6 24. bxc6 Qg7 25. Rg1 h3 26. g3 h2 27. Rh1 Bxe3
28. Qe2 Bxf2 29. Qa6+ Kb8 30. Rxh2 Bxg3 31. Rg2 Qc7 32. Be2 Bf4 33. Bg4 Ka8 34.
Na3 Qb6 35. Qd3 fxg4 36. Rh2 Bxh2 0-1

[Event "XIX. DBMM Schach"]
[Site "Billerbeck"]
[Date "2019.09.05"]
[Round "1.1"]
[White "Kludszuweit, Kim Ira"]
[Black "Bohnhoff, Peter"]
[Result "1/2-1/2"]
[WhiteElo "1665"]
[BlackElo "2078"]
[Annotator "br"]
[PlyCount "48"]
[EventDate "2019.09.??"]
[EventType "team-swiss"]
[EventRounds "7"]
[EventCountry "GER"]
[SourceTitle "XIX. DBMM 2019"]
[Source "FV Schach e.V."]
[SourceDate "2019.09.09"]
[SourceVersion "4"]
[SourceVersionDate "2019.10.16"]
[SourceQuality "1"]
[WhiteTeam "Vodafone Duesseldorf II"]
[BlackTeam "Europaeisches Patentamt Muenchen"]
[WhiteTeamCountry "GER"]
[BlackTeamCountry "GER"]

1. c4 f5 2. d4 Nf6 3. Nc3 d6 4. Nf3 g6 5. e3 Bg7 6. Bd3 O-O 7. O-O g5 8. Nxg5
e5 9. Qb3 e4 10. c5+ d5 11. Be2 h6 12. Nh3 a5 13. f3 Kh8 14. fxe4 fxe4 15. Nf2
Nc6 16. a3 Ne7 17. Nh1 c6 18. Bd2 Qc7 19. Rf2 Be6 20. Raf1 Qd7 21. Ng3 Ng4 22.
Rxf8+ Rxf8 23. Rxf8+ Bxf8 24. Nd1 Ng6 1/2-1/2

[Event "XIX. DBMM Schach"]
[Site "Billerbeck"]
[Date "2019.09.05"]
[Round "1.2"]
[White "Brendemuehl, Bernd"]
[Black "Baader, Matthieu"]
[Result "1-0"]
[WhiteElo "1905"]
[BlackElo "1420"]
[Annotator "br"]
[PlyCount "51"]
[EventDate "2019.09.??"]
[EventType "team-swiss"]
[EventRounds "7"]
[EventCountry "GER"]
[SourceTitle "XIX. DBMM 2019"]
[Source "FV Schach e.V."]
[SourceDate "2019.09.09"]
[SourceVersion "4"]
[SourceVersionDate "2019.10.16"]
[SourceQuality "1"]
[WhiteTeam "Europaeisches Patentamt Muenchen"]
[BlackTeam "Vodafone Duesseldorf II"]
[WhiteTeamCountry "GER"]
[BlackTeamCountry "GER"]

1. e4 c5 2. Nf3 d6 3. d4 cxd4 4. Nxd4 Nc6 5. c4 e5 6. Nxc6 bxc6 7. Nc3 f5 8.
Bd3 f4 9. O-O Nf6 10. a3 a5 11. b3 Be7 12. Bb2 c5 13. Nd5 O-O 14. b4 Nxd5 $11
15. exd5 axb4 16. axb4 Rxa1 17. Bxa1 Qb6 18. Qh5 g6 19. Bxg6 hxg6 20. Qxg6+ Kh8
21. Bxe5+ Bf6 22. Bxf6+ Rxf6 23. Qxf6+ Kg8 24. Re1 Qxb4 25. Re8+ Kh7 26. Re7+
1-0

[Event "XIX. DBMM Schach"]
[Site "Billerbeck"]
[Date "2019.09.05"]
[Round "1.1"]
[White "Eggenstein, Frank"]
[Black "Bollmann, Laslo"]
[Result "1/2-1/2"]
[WhiteElo "1995"]
[BlackElo "1848"]
[Annotator "br"]
[PlyCount "68"]
[EventDate "2019.09.??"]
[EventType "team-swiss"]
[EventRounds "7"]
[EventCountry "GER"]
[SourceTitle "XIX. DBMM 2019"]
[Source "FV Schach e.V."]
[SourceDate "2019.09.09"]
[SourceVersion "4"]
[SourceVersionDate "2019.10.16"]
[SourceQuality "1"]
[WhiteTeam "RWE AG Essen"]
[BlackTeam "AGI Frankfurt II"]
[WhiteTeamCountry "GER"]
[BlackTeamCountry "GER"]

1. e4 e6 2. d4 d5 3. e5 c5 4. c3 Qb6 5. Nf3 Bd7 6. Be2 Bb5 7. dxc5 Bxc5 8. O-O
Bxe2 9. Qxe2 Qa6 10. Qc2 Ne7 11. b4 Bb6 12. a4 Qc4 13. Na3 Qg4 14. Nb5 O-O 15.
a5 Bd8 16. Be3 Nbc6 17. Nd6 Ng6 $11 18. Nxb7 Bc7 19. b5 Ncxe5 20. Nxe5 Nxe5 21.
f3 Qh4 22. g3 Qh5 23. Kg2 Nc4 24. Bf2 Rfb8 25. a6 Rc8 26. Qe2 Bb6 27. Bd4 Rc7
28. Rac1 Rac8 29. Qd3 Qg5 30. f4 Qg6 31. Qe2 Bxd4 32. cxd4 Nb6 33. Nc5 Na4 34.
Qe3 Nb6 1/2-1/2

[Event "XIX. DBMM Schach"]
[Site "Billerbeck"]
[Date "2019.09.05"]
[Round "1.4"]
[White "Baumann, Christoph"]
[Black "Hielscher, Klaus Peter"]
[Result "0-1"]
[WhiteElo "1093"]
[BlackElo "1719"]
[Annotator "br"]
[PlyCount "52"]
[EventDate "2019.09.??"]
[EventType "team-swiss"]
[EventRounds "7"]
[EventCountry "GER"]
[SourceTitle "XIX. DBMM 2019"]
[Source "FV Schach e.V."]
[SourceDate "2019.09.09"]
[SourceVersion "4"]
[SourceVersionDate "2019.10.16"]
[SourceQuality "1"]
[WhiteTeam "AGI Frankfurt II"]
[BlackTeam "RWE AG Essen"]
[WhiteTeamCountry "GER"]
[BlackTeamCountry "GER"]

1. d4 Nf6 2. c4 g6 3. Nf3 Bg7 4. e3 O-O 5. Nc3 d6 6. Bd3 c5 7. O-O cxd4 8. exd4
Nc6 9. Re1 e6 10. d5 exd5 11. cxd5 Nb4 12. Bc4 Bg4 13. h3 Bxf3 14. Qxf3 Nc2 15.
Bf4 Nxa1 16. Rxa1 Rc8 17. b3 a6 18. a4 Nh5 19. Bh2 b5 20. axb5 axb5 21. Bxb5
Rxc3 22. Qd1 Rxb3 23. Rb1 Rxb1 24. Qxb1 Qb6 25. Qb4 Rb8 26. Bxd6 Qxb5 0-1

[Event "XIX. DBMM Schach"]
[Site "Billerbeck"]
[Date "2019.09.05"]
[Round "2.1"]
[White "Schramm, Christian"]
[Black "Scheffner, Axel"]
[Result "1-0"]
[WhiteElo "2361"]
[BlackElo "2249"]
[Annotator "dgt"]
[PlyCount "64"]
[EventDate "2019.09.??"]
[EventType "team-swiss"]
[EventRounds "7"]
[EventCountry "GER"]
[SourceTitle "XIX. DBMM 2019"]
[Source "FV Schach e.V."]
[SourceDate "2019.09.09"]
[SourceVersion "4"]
[SourceVersionDate "2019.10.16"]
[SourceQuality "1"]
[WhiteTeam "AGI Frankfurt"]
[BlackTeam "Vodafone Duesseldorf"]
[WhiteTeamCountry "GER"]
[BlackTeamCountry "GER"]

1. e4 c6 2. d4 d5 3. Nc3 dxe4 4. Nxe4 Nf6 5. Nxf6+ gxf6 6. c3 Bf5 7. Bd3 Bg6 8.
h4 e6 9. Bf4 Bd6 10. Ne2 Qc7 11. Bh6 Rg8 12. h5 Bxd3 13. Qxd3 f5 14. c4 c5 15.
O-O-O Nc6 16. dxc5 Bxc5 17. Bf4 Qe7 18. Nc3 Rd8 19. Nd5 Nb4 20. Qf3 Nxd5 21.
cxd5 Bd6 22. Bxd6 Rxd6 23. dxe6 Rc6+ 24. Kb1 fxe6 25. Rc1 Qc7 26. g3 Rg4 27.
Qe3 Qb6 28. Qe5 Rg8 29. Rhd1 Ke7 30. f3 Kf7 31. Rd7+ Ke8 32. Rcd1 Rh8 1-0

[Event "XIX. DBMM Schach"]
[Site "Billerbeck"]
[Date "2019.09.05"]
[Round "2.2"]
[White "Limbourg, Marina"]
[Black "Rietze, Clemens"]
[Result "0-1"]
[WhiteElo "2030"]
[BlackElo "2279"]
[Annotator "dgt"]
[PlyCount "96"]
[EventDate "2019.09.??"]
[EventType "team-swiss"]
[EventRounds "7"]
[EventCountry "GER"]
[SourceTitle "XIX. DBMM 2019"]
[Source "FV Schach e.V."]
[SourceDate "2019.09.09"]
[SourceVersion "4"]
[SourceVersionDate "2019.10.16"]
[SourceQuality "1"]
[WhiteTeam "Vodafone Duesseldorf"]
[BlackTeam "AGI Frankfurt"]
[WhiteTeamCountry "GER"]
[BlackTeamCountry "GER"]

1. e4 e5 2. Nc3 Nf6 3. f4 d5 4. fxe5 Nxe4 5. d3 Nxc3 6. bxc3 d4 7. Nf3 Nc6 8.
cxd4 Bb4+ 9. Bd2 Bxd2+ 10. Qxd2 Nxd4 11. c3 Nxf3+ 12. gxf3 Bf5 13. O-O-O Qd5
14. d4 O-O-O 15. Be2 Qe6 16. Qf4 Bg6 17. Rd2 c5 18. d5 Rxd5 19. Rxd5 Qxd5 20.
Bc4 Qd7 21. Rd1 Qc7 22. h4 Kb8 23. Qg5 Qb6 24. Bb3 c4 25. Bc2 Qa5 26. Bxg6 hxg6
27. Kb2 Re8 28. f4 Qb5+ 29. Ka1 Qa5 30. Kb2 a6 31. Rd4 Qb5+ 32. Ka1 Re6 33.
Qd8+ Ka7 34. Rd6 Qc5 35. Rxe6 fxe6 36. Qd7 Qg1+ 37. Kb2 Qf2+ 38. Kb1 Qxf4 39.
Qxe6 Qe4+ 40. Kb2 Qd3 41. Qe7 Kb6 42. Qb4+ Kc6 43. a4 Qe2+ 44. Ka3 Qxe5 45.
Qxc4+ Qc5+ 46. Qb4 a5 47. Qxc5+ Kxc5 48. Kb3 b5 0-1

[Event "XIX. DBMM Schach"]
[Site "Billerbeck"]
[Date "2019.09.05"]
[Round "2.3"]
[White "Guth, Thomas"]
[Black "Hirschberg, Markus"]
[Result "1-0"]
[WhiteElo "2277"]
[BlackElo "1837"]
[Annotator "dgt"]
[PlyCount "63"]
[EventDate "2019.09.??"]
[EventType "team-swiss"]
[EventRounds "7"]
[EventCountry "GER"]
[SourceTitle "XIX. DBMM 2019"]
[Source "FV Schach e.V."]
[SourceDate "2019.09.09"]
[SourceVersion "4"]
[SourceVersionDate "2019.10.16"]
[SourceQuality "1"]
[WhiteTeam "AGI Frankfurt"]
[BlackTeam "Vodafone Duesseldorf"]
[WhiteTeamCountry "GER"]
[BlackTeamCountry "GER"]

1. e4 e6 2. d4 d5 3. Nc3 Bb4 4. exd5 exd5 5. Bd3 Nf6 6. Nge2 O-O 7. O-O c6 8.
Ng3 Re8 9. Nce2 Nbd7 10. c3 Ba5 11. Nf5 Nf8 12. Neg3 Ng6 13. Qf3 Bc7 14. Bg5
Bxf5 15. Nxf5 Re6 16. Rae1 Qf8 17. Nh6+ gxh6 18. Rxe6 fxe6 19. Bxf6 Qd6 20. Qg3
Qf4 21. Bxg6 Qxg3 22. Bxh7+ Kxh7 23. hxg3 Rf8 24. Bh4 Kg6 25. Re1 Re8 26. g4
Bd6 27. f3 b6 28. Kf2 c5 29. Bg3 Bf8 30. f4 c4 31. f5+ Kf7 32. Re5 1-0